000 00806nam a2200241 i 4500
001 22667
003 ES-MaACL
005 20250818042550.0
007 t|
008 021204s1972 sp ||||1| spa d
100 1 _aAlthusser, Louis.
_920538
245 1 0 _aMétodo histórico e historicismo /
_cLouis Althusser ; [traducción Jordi Marfá].
260 _aBarcelona :
_bAnagrama,
_c[1972]
300 _a75 p. ;
_c18 cm.
505 8 _aContiene: El método histórico / Piere Vilar. Sobre el historicismo / Boris Fraenkel
700 1 _aMarfà, Jordi.
_976598
700 1 _aVilar, Pierre,
_d1906-2003
_9114800
700 1 _aFraenkel, Boris.
_952062
740 3 _aEl método historico.
740 0 _aSobre el historicismo.
852 _aES-MaACL
_jC-52739
_bR.82447
999 _c22667
_d22667